000
00218 a2200097 4500
001
48018
100
_a
Noor Ahmad
245
_a
Musalmano key tahzibi karnamay
260
_a
Lahore
_b
Ferozsons
_c
090
_c
31007
_d
31007
942
_a
NUST-CAE
_c
M
_c
23345
999
_c
283091
_d
283091